| 000 | 00535cas a2200169 4500 | ||
|---|---|---|---|
| 022 | 0 | _a0250-6505 | |
| 040 | _cDLC | ||
| 082 | _a338 UNI 2011 A018 Or. | ||
| 245 | 0 | 0 | _aRegional development dialogue |
| 260 |
_aNagoya, Japan, _bUnited Nations Centre for Regional Development |
||
| 300 |
_av. _bill. _c26 cm |
||
| 500 | _a"An international journal focusing on third world development problems." | ||
| 650 | 0 | _aRegional planning | |
| 650 | 0 | _aRegional planning | |
| 710 | 2 | _aUnited Nations Centre for Regional Development | |
| 942 | _cEK | ||
| 999 |
_c12007 _d12007 |
||